Questions-réponses sur Moustiers-Sainte-Marie - Statistiques

Statistiques générales
  • Ce quiz a été pris 19 fois
  • Le résultat moyen est 10 sur 16
Statistiques - réponses
Questions Réponses % Correct
Nom de la province de France d'Ancien Régime dans laquelle se situe Moustiers-Sainte-Marie. La Provence
94%
Site naturel, protégé par un parc naturel régional, très prisé par les touristes, d'une grande beauté, qui s'étend sur 25 kilomètres et commence à 5 kilomètres au sud-est de Moustiers. Les Gorges du Verdon
94%
Arbrisseaux dicotylédones, à fleurs le plus souvent mauves ou violettes, dont la plupart des espèces très odorantes, sont largement utilisées en parfumerie. Moustiers-Sainte-Marie en possède des champs à l'abri des regards, sur son territoire. Le plateau de Valensole à l'ouest de Moustiers est largement dédié à la culture de cette plante. La lavande
88%
Film de René Clément, Lion d'or à la Mostra de Venise de 1952. Quelques scènes du début du film a été tournée au pont d'Aiguines entre Moustiers-Sainte-Marie et Aiguines. Ce pont a d'abord été plusieurs fois détruit durant la Seconde Guerre mondiale avant d'être définitivement englouti sous le lac précédent en 1974. Jeux interdits
82%
Symbole suspendu à une chaine de 135 métres de long, tendue entre deux falaises à environ soixante mètres au-dessus du village de Moustiers-Sainte-Marie. Symbole qui donne au village l'aspect d'une crèche de Noël. Une étoile
82%
Poète célèbre pour "À notre peuple" ou "Mireille", fervent défenseur du patois régional. Il expliquait que le symbole précédent était en fait un ex-voto dédié à la sainte Vierge Marie, installé selon le vœu du chevalier Blacas, un croisé emprisonné par les Sarrasins en 1249, qui fit la promesse de consacrer un monument à la Vierge s'il revenait un jour en son fief. Frédéric Mistral
76%
Huile produite à Moustiers-Sainte-Marie. Elle bénéficie d'une A.O.P. (Appellation d'origine protégée) "Huile d'___ de Haute-Provence". L'huile d'olive
71%
Point de vue parmi les plus pittoresques du site évoqué plus haut, à l'autre extrémité de ce dernier par rapport à Moustiers : le "Point _____". Sublime
71%
Série télévisée dont l'épisode pilote (2006) a été tourné entre autres à Moustiers-Sainte-Marie et dans les villages alentours comme Valensole avant de s'établir définitivement dans la région de Martigues à partir du quatrième épisode. Camping Paradis
65%
Abbaye bénédictine située en Bourgogne, foyer intellectuel et culturel important du Xe au XIIe siècle. Centre d'étude doté d'une bibliothèque richissime, elle fut détruite à l'explosif sous la Révolution française Il n'en subsiste que 5% aujourd'hui. Le prieuré Saint-Jean de Moustiers-Sainte-Marie peut être cité parmi les biens de cette abbaye au moment de sa fondation vers 909. L'abbaye de Cluny
65%
Fête liturgique célébrée le 15 août qui commémore l'enlèvement au Ciel de la sainte Vierge Marie. L'Église de Moustiers-Sainte-Marie porte son nom : "L'église Notre-Dame-de-l'_______" L'Assomption
65%
Poterie de terre (terre cuite à base d'argile) émaillée ou vernissée, ordinairement à fond blanc. Celle de Moustiers a donné au bourg une grande renommée aux XVIIe et XVIIIe siècles. Selon la tradition, un religieux, venu de Faênza (en Italie), aurait appris à un potier de la ville le secret du bel émail blanc laiteux qui devait assurer avec le bleu dit « de Moustiers » la réputation des _____s locales. La faïence
47%
Plante d'ombre, de sous-bois, qui séduit par son feuillage graphique et léger. La doradille de Jahandiez, asplenium jahandiezii, est une espèce de ce type de plantes, endémique au site évoqué plus haut (réponse #2). La fougère
41%
Lac artificiel sur lequel débouche la vallée de Moustiers-Sainte-Marie. Le Lac de Sainte-Croix
41%
Le village de Moustiers bénéficie du label "Villages et cités de _______". Caractère
35%
Mini-série télévisée française en six épisodes de 52 minutes réalisée par François Velle diffusée sur France 2 à partir du 8 février 2023. Série à suspense tournée à Moustiers-Sainte-Marie et dans les environs. L'Abîme
24%
Aucun quiz correspondant
Distribution des résultats
% des personnes avec chaque résultat
Percentile par nombre de réponses
Votre historique - résultats
Vous n’avez pas pris ce quiz